000
00330nam a22001457a 4500
008
230418b ||||| |||| 00| 0 eng d
020
_a
2900960432010
041
_a
eng
080
_2
30TH ANNIVERSARY EDITION
_a
339
082
_a
339CAL
100
_a
44
101
_a
ENCI
245
_a
ECOTOPIA
_c
CALLENBACH.E
942
_2
udc
_c
BK
999
_c
59592
_d
59592